Liminaire / (Record no. 30291)

MARC details
000 -LEADER
fixed length control field 01701cam a22003131 4500
001 - CONTROL NUMBER
control field gs 67000049
003 - CONTROL NUMBER IDENTIFIER
control field DLC
005 - DATE AND TIME OF LATEST TRANSACTION
control field 20260227111420.0
008 - FIXED-LENGTH DATA ELEMENTS--GENERAL INFORMATION
fixed length control field 860114s1960 fr abf b 000 0 fre c
010 ## - LIBRARY OF CONGRESS CONTROL NUMBER
LC control number gs 67000049
035 ## - SYSTEM CONTROL NUMBER
System control number (OCoLC)13016913
040 ## - CATALOGING SOURCE
Original cataloging agency U.S. Geol. Survey. Libr.
Transcribing agency TxHR
Modifying agency OCoLC
-- DLC
042 ## - AUTHENTICATION CODE
Authentication code premarc
050 00 - LIBRARY OF CONGRESS CALL NUMBER
Classification number QE1
Item number .S7 n.s. no. 89
100 1# - MAIN ENTRY--PERSONAL NAME
Personal name Lapparent, Albert F. de,
Dates associated with a name 1905-1975.
245 10 - TITLE STATEMENT
Title Liminaire /
Statement of responsibility, etc. par A.F. de Lapparent. La subsidence du récif campanien de Vigny (Seine-et-Oise) / par René Marlière. Le Bois des Roches à Vigny : contribution á l'étude morphologique et descriptive du complexe récifal / par Pierre Desmidt.
260 ## - PUBLICATION, DISTRIBUTION, ETC.
Place of publication, distribution, etc. Paris :
Name of publisher, distributor, etc. Société géologique de France,
Date of publication, distribution, etc. 1960.
300 ## - PHYSICAL DESCRIPTION
Extent 42 p., [5] leaves of plates :
Other physical details ill., maps ;
Dimensions 33 cm.
440 #0 - SERIES STATEMENT/ADDED ENTRY--TITLE
Title Mémoires de la Société géologique de France ;
Volume/sequential designation nouv. sér. mémoire no. 89
500 ## - GENERAL NOTE
General note Each plate accompanied by leaf with descriptive letterpress.
501 ## - WITH NOTE
With note With: Contribution à l'étude de Pityostrobus oblongus (Fliche sp.) appareil femelle d'un conifère Albien de l'Argonne / par Christiane Louvel -- Le dome gneissique de l'Agout (Tarn et Hérault) / par Roelof Schuiling. Paris : Société géologique de France, 1960. Bound together subsequent to publication.
Institution to which field applies DLC
650 #0 - SUBJECT ADDED ENTRY--TOPICAL TERM
Topical term or geographic name entry element Geology, Stratigraphic
Chronological subdivision Cretaceous.
650 #0 - SUBJECT ADDED ENTRY--TOPICAL TERM
Topical term or geographic name entry element Geology
Geographic subdivision France
-- Seine-et-Oise.
650 #0 - SUBJECT ADDED ENTRY--TOPICAL TERM
Topical term or geographic name entry element Reefs.
700 1# - ADDED ENTRY--PERSONAL NAME
Personal name Marlière, René.
Title of a work Subsidence du récif campanien de Vigny (Seine-et-Oise).
700 1# - ADDED ENTRY--PERSONAL NAME
Personal name Desmidt, Pierre.
Title of a work Bois des Roches à Vigny.
740 0# - ADDED ENTRY--UNCONTROLLED RELATED/ANALYTICAL TITLE
Uncontrolled related/analytical title Subsidence du récif campanien de Vigny (Seine-et-Oise).
740 0# - ADDED ENTRY--UNCONTROLLED RELATED/ANALYTICAL TITLE
Uncontrolled related/analytical title Bois des Roches à Vigny.

No items available.

Powered by Koha